logo

Bir Sreshtho Munshi Abdur Rouf Library
Jhenaidah Cadet College

মশাররফ রচনা-সম্ভার / (Record no. 2296)

MARC details
000 -LEADER
fixed length control field 00872nam a22002297a 4500
001 - CONTROL NUMBER
JCCL Control Number 2296
003 - CONTROL NUMBER IDENTIFIER
JCCL marc code BD-JhCC
005 - DATE AND TIME OF LATEST TRANSACTION
control field 20181112134017.0
008 - FIXED-LENGTH DATA ELEMENTS--GENERAL INFORMATION
fixed length control field 171031s1980 bg |||| |||| 000 0 ben d
035 ## - SYSTEM CONTROL NUMBER
system control number (BD-JhCC)2296
040 ## - CATALOGING SOURCE
Original cataloging agency BD-JhCC
Modifying agency BD-JhCC
041 ## - LANGUAGE CODE
Language code of Book ben
082 ## - DEWEY DECIMAL CLASSIFICATION NUMBER
Classification number 891.443
Author mark and Year HOS 1980
100 ## - MAIN ENTRY--PERSONAL NAME
Personal name হোসেন, মীর মশাররফ
245 ## - TITLE STATEMENT
Title মশাররফ রচনা-সম্ভার /
Statement of responsibility, etc মীর মশাররফ হোসেন সম্পাদনায় ড. কাজী আবদুল মান্নান
260 ## - PUBLICATION, DISTRIBUTION, ETC. (IMPRINT)
Place of publication, distribution, etc ঢাকা :
Name of publisher, distributor, etc বাংলা একাডেমী ঢাকা,
Date of publication, distribution, etc ১৯৮০.
300 ## - PHYSICAL DESCRIPTION
Pagination ৭৪৮ পৃ. :
Dimensions ২২ সেমি.
650 ## - SUBJECT ADDED ENTRY--TOPICAL TERM
Topical term or geographic name as entry element Collection of Novels
700 ## - ADDED ENTRY--PERSONAL NAME
Personal name মান্নান, ড. কাজী আবদুল
942 ## - ADDED ENTRY ELEMENTS (KOHA)
Source of classification or shelving scheme Dewey Decimal Classification
Koha item type Books
Koha issues (borrowed), all copies 2
Holdings
Source of classification or shelving scheme volume number Damaged status Not for loan Home library Current library Shelving location Date of accession Cost, normal purchase price Total Checkouts Full call number Barcode Date last seen Date checked out Copy number Koha item type
Dewey Decimal Classification V-2     JCC Rouf Library JCC Rouf Library General Stacks 10/31/2017 62.00 1 891.443 HOS 1980 3543 02/16/2019 11/11/2018 C-1 Books

JCC Library | Contacts | JCC Home

Last Update on 23 September 2017
Copyright @ 2017-2020 JCC Rouf Library
Rouf Library, Jhenidah Cadet College (JCC), Bangladesh